ბათუმის შოთა რუსთაველის სახელმწიფო უნივერსიტეტის ბიბლიოთეკა

ჩანაწერი Personal Name

ჩანაწერთა რაოდენობა, რომელიც გამოყენებულია: 1

001 - CONTROL NUMBER

  • control field: 11288

003 - CONTROL NUMBER IDENTIFIER

  • control field: GE_BSU

005 - DATE AND TIME OF LATEST TRANSACTION

  • control field: 20210413134142.0

008 - FIXED-LENGTH DATA ELEMENTS

  • fixed length control field: 210413|| aca||aabn | a|a d

040 ## - CATALOGING SOURCE

  • Original cataloging agency: GE_BSU
  • Transcribing agency: GE_BSU

100 ## - HEADING--PERSONAL NAME

  • Personal name: ალფაიძე, მარინე

670 ## - SOURCE DATA FOUND

  • Source citation: Work cat.: (GE_BSU)51727: ალფაიძე, მარინე, თავის ტვინის სისხლმომარაგების უკანა აუზის დისცირკულაციის ნეიროსონოლოგიური პატერნების დახასიათება და მათი კლინიკური ღირებულება /